000 00395nam a2200169Ia 4500
005 20250423101714.0
008 250422s9999 xx 000 0 und d
020 _a978-0-435913-57-1
050 _aPR 9369 .3 .H4/
100 _aHead, Bessie
245 0 _aWhen rain clouds gather
260 _aLondon
260 _bPearson Education Ltd
260 _c2008
300 _a199 p
942 _cBK
999 _c37036
_d37036